China's growing influence in the South China Sea reshaping Australia's foreign policy
Saved in:
| Main Author: | |
|---|---|
| Corporate Author: | |
| Format: | Thesis Book |
| Language: | English |
| Series: | Thesis
Tesis |
| Subjects: | |
| Tags: |
Add Tag
No Tags, Be the first to tag this record!
|
| Call Number : | DU 117.18 .W5555 2020 |
MARC
| LEADER | 00000nam a2200000 c 4500 | ||
|---|---|---|---|
| 001 | 90506 | ||
| 003 | MY-KLNDU | ||
| 005 | 20241219045056.0 | ||
| 008 | 221104s2020 my a abm 000 0 eng d | ||
| 039 | 9 | |a 202211041305 |b VLOAD |c 202202151009 |d azraai |y 202105101231 |z izzuddin | |
| 040 | |a UPNM |b eng |c UPNM |e rda | ||
| 090 | |a DU 117.18 |b .W5555 2020 | ||
| 100 | 1 | |a Williams, Mark Justin |e author | |
| 245 | 1 | 0 | |a China's growing influence in the South China Sea |b reshaping Australia's foreign policy |c Sqn Ldr Mark Justin Williams |
| 264 | 0 | |a Kuala Lumpur |b Universiti Pertahanan Nasional Malaysia |c 2020 | |
| 300 | |a xiii, 141 leaves |b illustrations |c 30 cm | ||
| 336 | |a text |2 rdacontent | ||
| 337 | |a unmediated |2 rdamedia | ||
| 338 | |a volume |2 rdacarrier | ||
| 490 | 0 | |a Thesis | |
| 490 | 0 | |a Tesis | |
| 502 | |a Thesis (Executive Diploma in Strategic and Defence Studies) -- Universiti Pertahanan Nasional Malaysia, 2020 | ||
| 504 | |a Includes bibliographical references | ||
| 651 | 0 | |a Australia |x Foreign relations |z Asia | |
| 651 | 0 | |a Asia |x Foreign relations |z Australia | |
| 651 | 0 | |a South China Sea |x International status | |
| 710 | 2 | |a Universiti Pertahanan Nasional Malaysia. |b Executive Diploma in Strategic and Defence Studies | |
| 999 | |a vtls000099903 |c 90506 |d 90506 | ||